Представление документа в формате MARC21

Поле Инд. ПП Название Значение
Тип записи a
Библиографический уровень b
001 Контрольный номер 1a9a5393c63e4664aa867fc8a5f350e6
005 Дата корректировки 20210828074253.0
024 80 a Стандартный номер DOI: 10.1007/BF03185330
040 a Служба первич. каталог. Scopus
041 0_ a Код языка текста Английский
084 a Индекс другой классификации/Индекс ББК 22.382
097 a Костяева О.Г.
097 a Спаскова Н.О.
100 1_ a Автор Hamilton J. H.
100 1_ a Автор Jones E. F.
100 1_ a Автор Gore P. M.
100 1_ a Автор Ramayya A. V.
100 1_ q Полное имя Оганесян Юрий Цолакович
g Прочие сведения РИНЦ AuthorID: 21136 (http://elibrary.ru/author_profile.asp?id= 21136); Scopus Author ID: 35401658500 (https://www.scopus.com/authid/detail.uri?authorId=35401658500)
u Дополнение Оганесян Ю. Ц.; Oganessian Yu Ts
a Автор Oganessian Yu. Ts.
i 000091251
245 10 a Заглавие A new phenomenon-shifted identical bands and new region of stable octupole deformation
650 04 a Основная рубрика физика; ядерная физика; физика элементарных частиц
773 18 t Название источника Nuovo Cimento Della Societa Italiana Di Fisica A-Nuclei Particles and Fields
d Место и дата издания 1998
b Сведения об издании Societa Italiana di Fisica
c Италия
m Специф. данные входит в ядро РИНЦ
m Специф. данные входит в Scopus
n Примечание https://elibrary.ru/title_about.asp?id=31763
n Примечание https://www.scopus.com/sourceid/69263?origin=recordpage
p Nuovo Cimento Soc. Ital. Fis.; Il Nuovo Cimento
g Прочая информация V. 111. - № 6-7. - P. 633 - 643
w Контрольный № источника 0
856 40 u URL https://elibrary.ru/item.asp?id=15000489
901 t Тип документа b
952 c Вид литературы статья в журнале